000 00821cam a2200265 i 4500
001 25208
003 Mx-PuUPA
005 20250721081912.0
008 140415s1998 sp gr 000 0 spa d
017 _aBI 1628-99
020 _a8429312579
040 _aMx-PuUPA
_bspa
_cMx-PuUPA
_dMx-PuUPA
_erda
041 _aspa
245 1 0 _aÉsta es nuestra fe :
_bteología para universitarios /
_cLuis González-Carvajarl Santabárbara
250 _a15a edición
264 1 _aMaliaño (Cantabria) :
_bEditorial Sal Terrae,
_c©1998
300 _a317 páginas ;
_c21 cm
336 _2rdacontent
_atexto
_btxt
337 _2rdamedia
_asin medio
_bn
338 _2rdacarrier
_avolumen
_bnc
490 0 _aPastoral ;
_v24
942 _2ddc
_cLI
_hxx
_ixx
999 _c25208
_d25208